| 000 | 00448nam a2200181Ia 4500 | ||
|---|---|---|---|
| 001 | 8331 | ||
| 005 | 20260306160601.0 | ||
| 008 | 260306t2017||||xx |||||||||||||| ||spa|| | ||
| 041 | _aESP | ||
| 082 |
_a370.157 _bB77 |
||
| 100 |
_aBoullosa, Pablo _eAUT |
||
| 245 | 0 |
_aEducación imaginativa: _buna aproximación a Kieran Egan |
|
| 260 | _c2017 | ||
| 300 |
_a119 páginas : _c24 cm. |
||
| 650 | _aGEN | ||
| 654 | _aCED | ||
| 942 |
_cLIB _dJUS _fJUS _2ddc _n |
||
| 999 |
_c8331 _d8331 |
||